00411nam a2200145Ia 4500082001200000100001700012245007000029260003100099300000800130650003400138650002600172650001900198650002900217710001900246 aTB.0113 aBisaliah, S. 0aReserve Bank of India and the institutional financing of industry c1964bUniversity of Mysore a234 aFinancial institutionszIndia aReserve bank of India aCapitalzIndia aBanks and bankingzIndia aHuchappa, G.T.